000 00466nam a2200193Ia 4500
008 180523s9999 xx 000 0 und d
020 _a971-08-5074-1
050 _aMAIN HF 5386
050 _b.H55 [n.d.]
100 _aNapoleon Hill
245 0 _aThink and grow rich /
245 0 _cNapoleon Hill.
260 _aNew York :
260 _bHawthorn Books,
260 _c[n.d.]
300 _a48 pages :
300 _c17 cm.
650 _aSuccess in business.
999 _c356539
_d356539